| 000 -ლიდერი |
| ფიქსირებული სიგრძის საკონტროლო ველი |
01515nam a2200289Ia 4500 |
| 001 - საკონტროლო ნომერი |
| საკონტროლო ველი |
16529 |
| 003 - საკონტროლო ნომრის იდენტიფიკატორი |
| საკონტროლო ველი |
GE_BSU |
| 005 - ბოლო ოპერაციის თარიღი და დრო |
| საკონტროლო ველი |
20250114111259.0 |
| 008 - ფიქსირებული სიგრძის მონაცემთა ელემენტები - ზოგადი ინფორმაცია |
| ფიქსირებული სიგრძის საკონტროლო ველი |
181216s2014||||ge |||||||||||||| ||geo|| |
| 010 ## - კონგრესის ბიბლიოთეკის საკონტროლო ნომერი |
| LC საკონტროლო ნომერი |
978-9941-0-3645-3 |
| 040 ## - კატალოგიზაციის წყარო |
| Transcribing agency |
GE_BSU |
| 041 ## - ენის კოდი |
| Language code of text/sound track or separate title |
geo |
| 080 ## - უნივერსალური ათობითი კლასიფიკაციის ინდექსი |
| Universal Decimal Classification number |
51(075.4)+512+517 მ-51 |
| 245 ## - ცნობა სათაურის შესახებ |
| Title |
მათემატიკა : ალგებრა და ანალიზის საწყისები : |
| Remainder of title |
[საატესტატო და ეროვნული გამოცდებისათვის] / |
| Statement of responsibility, etc |
ბეჟან ღვაბერიძე, ფრიდონ დვალიშვილი, ალექსანდრე მოსიძე [და სხვ.] ; რედ. ნ. ქალდანი. |
| 250 ## - გამოცემის ცნობა |
| Edition statement |
მე-6 გამოცემა |
| 264 ## - წარმოების, გამოცემის, დისტრიბუციის და სხვა ცნობები |
| გამოცემის, წარმოების, დისტრიბუციის... ადგილი |
თბილისი : |
| გამოცემის, წარმოების, დისტრიბუციის... სახელწოდება |
[?], |
| გამოცემის, წარმოების, დისტრიბუციის... თარიღი |
2014. |
| 300 ## - ფიზიკური აღწერა |
| Extent |
509 გვ. ; |
| Dimensions |
27 სმ |
| 653 ## - INDEX TERM--UNCONTROLLED |
| Uncontrolled term |
მათემატიკა |
| 653 ## - INDEX TERM--UNCONTROLLED |
| Uncontrolled term |
ალგებრა და ანალიზის საწყისები |
| 700 ## - ADDED ENTRY--PERSONAL NAME |
| Personal name |
ღვაბერიძე, ბეჟან |
| Relator term |
ავტორი |
| 9 (RLIN) |
23397 |
| 700 ## - ADDED ENTRY--PERSONAL NAME |
| Personal name |
მოსიძე, ალექსანდრე |
| Relator term |
ავტორი |
| 9 (RLIN) |
23399 |
| 700 ## - ADDED ENTRY--PERSONAL NAME |
| Personal name |
გელაშვილი, კობა |
| Relator term |
ავტორი |
| 9 (RLIN) |
24046 |
| 700 ## - ADDED ENTRY--PERSONAL NAME |
| Personal name |
სირბილაძე, გია |
| Relator term |
ავტორი |
| 9 (RLIN) |
24047 |
| 700 ## - ADDED ENTRY--PERSONAL NAME |
| Personal name |
ქალდანი, ნ. |
| Relator term |
რედაქტორი |
| 9 (RLIN) |
22383 |
| 942 ## - ADDED ENTRY ELEMENTS (KOHA) |
| Koha item type |
წიგნი |
| Source of classification or shelving scheme |
|